Qiyām al-dawlah al-Ayyūbīyah fī Miṣr /

محفوظ في:

المؤلف الرئيسي: Bayyūmī, ʻAlī (مؤلف)

التنسيق: كتاب

اللغة: Arabic

منشور في: [Cairo] : Dār al-Fikr al-Ḥadīth, 1952.

الطبعة: al-Tābaʻh 1.

الموضوعات:

الوسوم: إضافة وسم

لا توجد وسوم, كن أول من يضع وسما على هذه التسجيلة!

رقم الطلب: DT95.8 .B39 1952

LEADER 01083nam a2200253Ia 4500
003 OSt
005 20230607093423.0
008 130303s1952 ua g 000 0 ara d
952 |0 0  |1 0  |2 lcc  |4 0  |6 DT00958 B39 01952  |7 1  |9 48975  |a ARCE  |b ARCE  |d 2023-06-07  |l 0  |o DT95.8 .B39 1952  |p 1023334  |r 2023-06-07 00:00:00  |w 2023-06-07  |y BK 
999 |c 28792  |d 28792 
040 |c ARCE Library 
043 |a f-ua--- 
050 4 |a DT95.8 .B39 1952 
100 1 |6 880-01  |a Bayyūmī, ʻAlī,  |e author 
245 1 0 |6 880-02  |a Qiyām al-dawlah al-Ayyūbīyah fī Miṣr /   |c taʾlīf ʻAlī Bayyūmī.  
250 |a al-Tābaʻh 1. 
264 1 |a [Cairo] :  |b Dār al-Fikr al-Ḥadīth,  |c 1952. 
300 |a 254 pages ;  |c 24 cm. 
650 0 |a Ayyubids. 
651 0 |a Egypt  |x History  |y 640-1250. 
880 1 |6 100-01/(3/r  |a بيومي، علي 
880 1 0 |6 245-02/(3/r  |a قيام الدولة الأيوبية في مصر   |c تأليف علي بيومي.‪‪‪‪‪‪‪‪‪‪‪‪‪‪‪‪‪‪‪‪‪‪‪‪‪‪‪‪‪‪‪‪‪‪‪‪‪‪‪‪‪‪‪‪‪‪ 
901 |a reviewed 
942 |c BK  |2 lcc